|
|
|
|
| LEADER |
00000nab a2200000u 4500 |
| 001 |
vtls011776892 |
| 003 |
SK-MaSNL |
| 005 |
20260303082411.0 |
| 008 |
180904|20180724xo ||||||| || ||slo| |
| 038 |
|
|
|a KEVKJB
|
| 040 |
|
|
|a KEVKJB
|b slo
|e rda
|
| 041 |
0 |
|
|a slo
|
| 043 |
|
|
|a e-xo---
|
| 044 |
|
|
|a xo
|c SK
|
| 072 |
|
7 |
|a 796
|x Šport. Hry. Telesné cvičenia
|2 konspekt
|
| 080 |
|
|
|a 796.56
|2 2011
|
| 100 |
1 |
|
|a Božová, Danica
|4 aut
|9 332180
|
| 245 |
1 |
0 |
|a Lamiová po návrate zo svetového šampionátu už myslí na ďalší
|c Danica Božová
|
| 300 |
|
|
|b Fotografie
|
| 336 |
|
|
|a text
|b txt
|2 rdacontent
|
| 337 |
|
|
|a bez média
|b n
|2 rdamedia
|
| 338 |
|
|
|a zväzok
|b nc
|2 rdacarrier
|
| 600 |
1 |
7 |
|a Lamiová, Katarína,
|d 1983-
|2 kevkjb
|9 1086641
|
| 650 |
0 |
7 |
|a orientačný beh
|2 kevkjb
|9 23503
|
| 651 |
|
7 |
|a Košice (Slovensko)
|2 kevkjb
|9 18694
|
| 773 |
0 |
|
|t Korzár
|g Roč. XXI., č. 169 (24.7.2018), s. 13
|x 2585-7355
|
| 852 |
|
|
|a KEVKJB
|b KIS3GCP
|
| 856 |
4 |
1 |
|u https://kosice.korzar.sme.sk/c/20876936/lamiova-po-navrate-zo-svetoveho-sampionatu-uz-mysli-na-dalsi.html
|
| 958 |
|
|
|a BX
|
| 999 |
|
|
|c 1787821
|d 1789751
|